000 00380nam a2200145Ia 4500
008 191201s2005 xx 000 0 und d
082 _a621.389582
_bBOD
100 _aBOSE, Sanjay K
245 0 _aDigital Systems from Gates to Microprocessors
250 _a2nd
260 _aN.Delhi
_bNew Age International Pub
_c2005
300 _a432
650 _aB.Tech(ECE)
942 _2ddc
_cBK
999 _c1066
_d1066